Statistiques concernant Mathématiques - Carré des entiers de 1 à 30

Cliquez ici pour prendre le quiz!

Statistiques générales

  • Ce quiz a été pris 1 503 fois
  • Le résultat moyen est 20 sur 30

Statistiques - réponses

EntierCarré de l'entier% Correct
11
100%
416
99%
525
99%
636
99%
24
99%
39
99%
10100
98%
749
98%
981
98%
864
97%
11121
95%
12144
92%
13169
84%
15225
77%
14196
74%
20400
73%
16256
61%
30900
56%
17289
52%
18324
47%
21441
46%
19361
45%
22484
41%
25625
38%
23529
33%
24576
29%
26676
24%
27729
20%
28784
18%
29841
18%

Distribution des résultats

Percentile par nombre de réponses

% des personnes avec chaque résultat

Votre développement - résultats

Vous n’avez pas pris ce quiz